Statistics for Woody Allen Movies Quiz

Click here to take the quiz!

General Stats

  • This quiz has been taken 2,129 times
    (1,226 since last reset)
  • The average score is 20 of 44

Answer Stats

YearMovie% Correct
1977Annie Hall
94%
1979Manhattan
89%
2011Midnight in Paris
77%
1986Hannah and Her Sisters
75%
2005Match Point
70%
1971Bananas
66%
2008Vicky Cristina Barcelona
62%
2013Blue Jasmine
61%
1985The Purple Rose of Cairo
59%
1973Sleeper
56%
1983Zelig
55%
1993Manhattan Murder Mystery
52%
1989Crimes and Misdemeanors
50%
1984Broadway Danny Rose
48%
1994Bullets Over Broadway
47%
1975Love and Death
47%
1969Take the Money and Run
46%
1978Interiors
45%
1987Radio Days
45%
2006Scoop
45%
2012To Rome with Love
44%
1997Deconstructing Harry
43%
1992Husbands and Wives
41%
1998Celebrity
40%
1995Mighty Aphrodite
40%
1980Stardust Memories
40%
1972Everything You Always Wanted
to Know About Sex
37%
1990Alice
36%
2001The Curse of the
Jade Scorpion
35%
1996Everyone Says I Love You
34%
2014Magic in the Moonlight
32%
1966What's Up, Tiger Lily?
32%
1982A Midsummer Night's
Sex Comedy
31%
1991Shadows and Fog
31%
2009Whatever Works
31%
1987September
30%
2000Small Time Crooks
30%
2010You Will Meet
a Tall Dark Stranger
29%
2004Melinda and Melinda
28%
2007Cassandra's Dream
27%
2003Anything Else
25%
1988Another Woman
24%
1999Sweet and Lowdown
24%
2002Hollywood Ending
22%

Score Distribution

Percentile by Number Answered

Percent of People with Each Score

Your Score History

You have not taken this quiz since the last reset